[Event "DEM U18 2009"]
[Site "Willingen GER"]
[Date "2009.06.04"]
[Round "7"]
[White "Hirschberg, Valerian"]
[Black "Moshtael, Wesal"]
[Result "1/2-1/2"]
[Termination "normal"]
[Board "10"]
[WhiteElo "2079"]
[BlackElo "2133"]
[PlyCount "74"]
[WhiteFideId "24628492"]
[BlackFideId "24618551"]
[EventCountry "GER"]
[EventRounds "9"]
[EventType "swiss"]
[EventDate "2009.05.30"]

1. Nf3 Nf6 2. c4 g6 3. g3 Bg7 4. Bg2 O-O 5. d4 d5 6. cxd5 Nxd5 7. O-O Nb6 8.
Nc3 Nc6 9. e3 Re8 10. d5 Na5 11. Nd4 Bd7 12. e4 c6 13. Re1 cxd5 14. exd5 Rc8
15. Bf4 Nbc4 16. b3 Qb6 17. Nce2 Nd6 18. Be3 Qa6 19. Qd2 Bf5 20. Nc3 Qd3 21.
Nxf5 Qxd2 22. Bxd2 Nxf5 23. Rac1 Nd4 24. Ne4 b6 25. Kf1 Nb7 26. Bc3 Nb5 27.
Bxg7 Kxg7 28. Bh3 Rcd8 29. Red1 h6 30. a4 N5d6 31. Nxd6 Nxd6 32. Rc7 a5 33.
Rdc1 Kf6 34. Bd7 Rf8 35. Bh3 Rfe8 36. Bd7 Rf8 37. Bh3 Rfe8 1/2-1/2

[Event "DEM U18 2009"]
[Site "Willingen GER"]
[Date "2009.06.04"]
[Round "7"]
[White "Pogan, Nicolas"]
[Black "Kelbling, Philipp"]
[Result "1/2-1/2"]
[Termination "normal"]
[Board "11"]
[WhiteElo "2050"]
[BlackElo "2072"]
[PlyCount "33"]
[WhiteFideId "24673579"]
[BlackFideId "24669750"]
[EventCountry "GER"]
[EventRounds "9"]
[EventType "swiss"]
[EventDate "2009.05.30"]

1. e4 c5 2. Nf3 d6 3. Bb5+ Bd7 4. Bxd7+ Qxd7 5. O-O Nc6 6. c3 Nf6 7. Re1 g6 8.
d4 cxd4 9. cxd4 Bg7 10. d5 Ne5 11. Nxe5 dxe5 12. Bd2 O-O 13. Bc3 e6 14. Bxe5
exd5 15. Nc3 dxe4 16. Qxd7 Nxd7 17. Bxg7 1/2-1/2

[Event "DEM U18 2009"]
[Site "Willingen GER"]
[Date "2009.06.04"]
[Round "7"]
[White "Falke, Isaak"]
[Black "Zahn, Benno"]
[Result "1-0"]
[Termination "normal"]
[Board "12"]
[WhiteElo "1950"]
[BlackElo "1881"]
[PlyCount "102"]
[WhiteFideId "24614483"]
[BlackFideId "24636070"]
[EventCountry "GER"]
[EventRounds "9"]
[EventType "swiss"]
[EventDate "2009.05.30"]

1. e4 c5 2. Nf3 d6 3. d4 cxd4 4. Nxd4 Nf6 5. Nc3 g6 6. Be3 Bg7 7. f3 Nc6 8. Qd2
O-O 9. O-O-O Nxd4 10. Bxd4 Be6 11. Kb1 Rc8 12. h4 Re8 13. h5 Qa5 14. hxg6 fxg6
15. a3 Bc4 16. Bxc4+ Rxc4 17. Qe1 Rec8 18. e5 Nd7 19. exd6 e5 20. Be3 e4 21.
Qh4 h5 22. Qg5 Qxg5 23. Bxg5 Bxc3 24. bxc3 exf3 25. gxf3 Rxc3 26. f4 Re8 27.
Kb2 Rc6 28. Be7 Rc5 29. Rhe1 Rc4 30. Bg5 Rce4 31. Rf1 Kg7 32. Be7 Kf7 33. Rd3
Ke6 34. Rg3 Nf8 35. f5+ gxf5 36. Rg8 Rxe7 37. dxe7 Kxe7 38. Rxf5 Nd7 39. Rg7+
Kd6 40. Rxh5 Re6 41. Rhg5 Re3 42. Rg3 Rxg3 43. Rxg3 Kc6 44. Kc3 a5 45. Rg5 Nc5
46. Rh5 Kb5 47. Kd4 b6 48. Rh6 Nd7 49. Kd5 Nc5 50. c4+ Ka4 51. Rxb6 Nb3 1-0

[Event "DEM U18 2009"]
[Site "Willingen GER"]
[Date "2009.06.04"]
[Round "7"]
[White "Dupont, Gabriel"]
[Black "Meißner, Felix"]
[Result "0-1"]
[Termination "normal"]
[Board "13"]
[WhiteElo "1852"]
[BlackElo "2131"]
[PlyCount "84"]
[WhiteFideId "4634802"]
[BlackFideId "24671827"]
[EventCountry "GER"]
[EventRounds "9"]
[EventType "swiss"]
[EventDate "2009.05.30"]

1. d4 Nf6 2. Nf3 g6 3. c4 Bg7 4. Nc3 O-O 5. e4 d6 6. Be2 e5 7. O-O Na6 8. Be3
Ng4 9. Bg5 Qe8 10. a3 c6 11. dxe5 dxe5 12. b4 f6 13. Bc1 Nh6 14. c5 Nc7 15.
Bc4+ Be6 16. Nd2 Nf7 17. Qe2 Qe7 18. a4 Rfd8 19. Ba3 Rxd2 20. Qxd2 Bxc4 21.
Rfd1 Rd8 22. Qc2 Be6 23. b5 Qe8 24. bxc6 Qxc6 25. f3 Bh6 26. Rxd8+ Nxd8 27. Qd3
Qd7 28. Qxd7 Bxd7 29. Rd1 Be3+ 30. Kf1 Bd4 31. Nd5 Ne8 32. a5 Bb5+ 33. Ke1 Nc6
34. Rb1 a6 35. Bb4 Nxb4 36. Rxb4 Bxc5 37. Rb1 Bc6 38. Kd2 Kf7 39. Kc3 Nd6 40.
Nb4 Ba4 41. Nd3 Bd4+ 42. Kb4 Bc2 0-1

[Event "DEM U18 2009"]
[Site "Willingen GER"]
[Date "2009.06.04"]
[Round "7"]
[White "Häusler, Felix"]
[Black "Mory, Martin"]
[Result "0-1"]
[Termination "normal"]
[Board "14"]
[WhiteElo "1990"]
[BlackElo "1794"]
[PlyCount "68"]
[WhiteFideId "24631337"]
[BlackFideId "1271001"]
[EventCountry "GER"]
[EventRounds "9"]
[EventType "swiss"]
[EventDate "2009.05.30"]

1. e4 e5 2. Nf3 Nc6 3. Bc4 Nf6 4. d3 Bc5 5. c3 d6 6. O-O Be6 7. Bb3 Qd7 8. Bc2
Bb6 9. h3 O-O-O 10. Be3 h6 11. b4 g5 12. Bxb6 cxb6 13. Nh2 h5 14. a4 h4 15. f3
Nh5 16. d4 Bc4 17. d5 Bxf1 18. dxc6 Qxc6 19. Nxf1 d5 20. Qe1 d4 21. Bb3 Nf4 22.
cxd4 Rxd4 23. Na3 Kb8 24. Rc1 Qxc1 25. Qxc1 Ne2+ 26. Kf2 Nxc1 27. Bxf7 Rc8 28.
Nb5 Rc2+ 29. Kg1 Rd1 30. Na3 Rc3 31. Nb5 Re3 32. Bc4 Nd3 33. Bxd3 Rexd3 34. Kf2
a6 0-1

[Event "DEM U18 2009"]
[Site "Willingen GER"]
[Date "2009.06.05"]
[Round "8"]
[White "Strunski, Andreas"]
[Black "Poetsch, Hagen"]
[Result "1-0"]
[Termination "normal"]
[Board "1"]
[WhiteElo "2329"]
[BlackElo "2281"]
[PlyCount "89"]
[WhiteFideId "24606073"]
[BlackFideId "24615137"]
[EventCountry "GER"]
[EventRounds "9"]
[EventType "swiss"]
[EventDate "2009.05.30"]

1. d4 d5 2. c4 Nc6 3. cxd5 Qxd5 4. e3 e5 5. Nc3 Bb4 6. Bd2 Bxc3 7. bxc3 Qd6 8.
Bd3 Nf6 9. Ne2 O-O 10. f3 Re8 11. O-O Be6 12. Be1 Qa3 13. Qd2 a5 14. Bh4 Nd7
15. Qc2 exd4 16. exd4 h6 17. Nf4 Nb6 18. Nxe6 Rxe6 19. Be4 Rae8 20. Bf2 Rd6 21.
Rfe1 Rdd8 22. Rab1 a4 23. Bg3 Re7 24. Rb5 Rde8 25. Bh4 f6 26. Rc5 Nd7 27. Rb5
Nb6 28. Rc5 Nd7 29. Rh5 Nf8 30. Rb5 g5 31. Bf2 Kg7 32. d5 Nd7 33. dxc6 bxc6 34.
Rbb1 Ne5 35. Rb4 f5 36. Rxa4 Qd6 37. Rd1 Qf6 38. Bxf5 Rf7 39. Be4 g4 40. fxg4
Nxg4 41. Bf3 Ne5 42. Bd4 c5 43. Bxe5 Rxe5 44. Rg4+ Kf8 45. Qg6 1-0

[Event "DEM U18 2009"]
[Site "Willingen GER"]
[Date "2009.06.05"]
[Round "8"]
[White "Dann, Matthias"]
[Black "Jorczik, Julian"]
[Result "0-1"]
[Termination "normal"]
[Board "2"]
[BlackTitle "FM"]
[WhiteElo "2236"]
[BlackElo "2354"]
[PlyCount "52"]
[WhiteFideId "24638056"]
[BlackFideId "24611719"]
[EventCountry "GER"]
[EventRounds "9"]
[EventType "swiss"]
[EventDate "2009.05.30"]

1. e4 e6 2. d4 d5 3. Nc3 Nf6 4. e5 Nfd7 5. f4 c5 6. Nce2 Nc6 7. Nf3 Be7 8. c3
O-O 9. g3 cxd4 10. cxd4 f6 11. Bg2 fxe5 12. fxe5 Qb6 13. Qb3 Qa6 14. Bd2 Nb6
15. Bc3 Bd7 16. a3 Qd3 17. Rf1 Nc4 18. Rd1 Qe4 19. Bd2 Nxd4 20. Nfxd4 Qxg2 21.
Bf4 b6 22. Nf3 Bc5 23. h4 Ne3 24. Bxe3 Rxf3 25. Rxf3 Qxf3 26. Rd3 Bb5 0-1

[Event "DEM U18 2009"]
[Site "Willingen GER"]
[Date "2009.06.05"]
[Round "8"]
[White "Huschenbeth, Niclas"]
[Black "Bigalke, Tobias"]
[Result "1-0"]
[Termination "normal"]
[Board "3"]
[WhiteTitle "IM"]
[WhiteElo "2425"]
[BlackElo "2112"]
[PlyCount "37"]
[WhiteFideId "24604747"]
[BlackFideId "4698282"]
[EventCountry "GER"]
[EventRounds "9"]
[EventType "swiss"]
[EventDate "2009.05.30"]

1. e4 e6 2. d4 d5 3. Nc3 Nf6 4. e5 Nfd7 5. f4 c5 6. Nf3 Nc6 7. Be3 Be7 8. Qd2
O-O 9. dxc5 Bxc5 10. Bxc5 Nxc5 11. O-O-O Qa5 12. h4 Bd7 13. Rh3 b5 14. f5 exf5
15. Rg3 Ne6 16. Qh6 g6 17. Nxd5 f6 18. Nxf6+ Rxf6 19. exf6 1-0

[Event "DEM U18 2009"]
[Site "Willingen GER"]
[Date "2009.06.05"]
[Round "8"]
[White "Seyb, Alexander"]
[Black "Geske, Julian"]
[Result "1/2-1/2"]
[Termination "normal"]
[Board "4"]
[WhiteElo "2271"]
[BlackElo "2241"]
[PlyCount "53"]
[WhiteFideId "4699033"]
[BlackFideId "24605263"]
[EventCountry "GER"]
[EventRounds "9"]
[EventType "swiss"]
[EventDate "2009.05.30"]

1. e4 e5 2. Nf3 Nc6 3. Bb5 a6 4. Ba4 Nf6 5. O-O Nxe4 6. d4 b5 7. Bb3 d5 8. dxe5
Be6 9. Nbd2 Be7 10. c3 Nc5 11. Bc2 Bg4 12. Re1 O-O 13. Nf1 Re8 14. h3 Bh5 15.
Ng3 Bg6 16. Bf4 Ne6 17. Be3 Qd7 18. h4 Na5 19. b3 c5 20. h5 Bxc2 21. Qxc2 Nc6
22. Rad1 Rad8 23. Nf5 Bf8 24. Ng5 Nxg5 25. Bxg5 Rc8 26. Bf4 Qe6 27. Kf1 1/2-1/2

[Event "DEM U18 2009"]
[Site "Willingen GER"]
[Date "2009.06.05"]
[Round "8"]
[White "Savchenko, Aleksij"]
[Black "Korman, Maxim"]
[Result "1-0"]
[Termination "normal"]
[Board "5"]
[WhiteElo "2239"]
[BlackElo "2170"]
[PlyCount "125"]
[WhiteFideId "24611727"]
[BlackFideId "24619787"]
[EventCountry "GER"]
[EventRounds "9"]
[EventType "swiss"]
[EventDate "2009.05.30"]

1. d4 d5 2. c4 dxc4 3. Nf3 Nf6 4. e3 e6 5. Bxc4 a6 6. a4 c5 7. O-O Nc6 8. Qe2
Qc7 9. dxc5 Bxc5 10. Nc3 O-O 11. h3 h6 12. Rd1 Bd7 13. e4 Ne5 14. Bf4 Nxf3+ 15.
Qxf3 Bxf2+ 16. Qxf2 Qxc4 17. Rd4 Qc5 18. Bd6 Qc6 19. Bxf8 Rxf8 20. Rad1 Qc7 21.
e5 Nd5 22. Nxd5 exd5 23. Rxd5 Bxa4 24. R1d3 Bc6 25. Rd6 Re8 26. Qd4 Re7 27. Qc5
Kh7 28. b4 Re8 29. Re3 Qe7 30. e6 fxe6 31. Rexe6 Qf7 32. Qc4 Rxe6 33. Rxe6 Qf5
34. Re2 Kg6 35. Rf2 Qe4 36. Qxe4+ Bxe4 37. Kh2 h5 38. Kg3 Kh6 39. Kf4 Bc6 40.
h4 Kg6 41. Ke5 Bd7 42. Kd6 Bc6 43. Kc7 Kh6 44. g3 Kg6 45. Kb6 Bh1 46. Rf8 Bg2
47. Rb8 Kf5 48. Rxb7 Bxb7 49. Kxb7 Kg4 50. Kxa6 Kxg3 51. b5 Kxh4 52. b6 g5 53.
b7 g4 54. b8=Q g3 55. Qf4+ Kh3 56. Qf5+ Kh4 57. Kb5 g2 58. Qf2+ Kh3 59. Qg1 Kg3
60. Kc4 h4 61. Kd3 Kf3 62. Qe3+ Kg4 63. Ke2 1-0

[Event "DEM U18 2009"]
[Site "Willingen GER"]
[Date "2009.06.05"]
[Round "8"]
[White "Hirneise, Jens"]
[Black "Müller, Reinhold"]
[Result "1/2-1/2"]
[Termination "normal"]
[Board "7"]
[WhiteTitle "FM"]
[WhiteElo "2308"]
[BlackElo "2264"]
[PlyCount "68"]
[WhiteFideId "24614734"]
[BlackFideId "24605875"]
[EventCountry "GER"]
[EventRounds "9"]
[EventType "swiss"]
[EventDate "2009.05.30"]

1. e4 c6 2. d4 d5 3. e5 Bf5 4. Nd2 e6 5. Nb3 f6 6. Nf3 Nd7 7. Bf4 fxe5 8. Nxe5
Nxe5 9. Bxe5 Nf6 10. Bd3 Bxd3 11. Qxd3 Bd6 12. Qh3 Qe7 13. Bxd6 Qxd6 14. Nc5
Kf7 15. O-O b6 16. Nd3 Rhe8 17. Rae1 Re7 18. Re3 Kg8 19. Rfe1 Rae8 20. c3 c5
21. Qh4 Ne4 22. Rh3 h6 23. Qg4 Ng5 24. Rhe3 Nf7 25. Rg3 Ng5 26. Rge3 Nf7 27. f4
cxd4 28. cxd4 Qc6 29. Rg3 Nd8 30. Ne5 Qa4 31. Rd1 Qxa2 32. Qg6 Qxb2 33. Qxh6
Qe2 34. Rf1 Qe3+ 1/2-1/2

[Event "DEM U18 2009"]
[Site "Willingen GER"]
[Date "2009.06.05"]
[Round "8"]
[White "Nuber, Blasius"]
[Black "Bradler, Stephan"]
[Result "1-0"]
[Termination "normal"]
[Board "8"]
[WhiteElo "2104"]
[BlackElo "2006"]
[PlyCount "75"]
[WhiteFideId "24620289"]
[BlackFideId "24629367"]
[EventCountry "GER"]
[EventRounds "9"]
[EventType "swiss"]
[EventDate "2009.05.30"]

1. e4 c5 2. Nf3 Nc6 3. d4 cxd4 4. Nxd4 Nf6 5. Nc3 e5 6. Ndb5 d6 7. Na3 Be6 8.
Bg5 Rc8 9. Nc4 Nd4 10. Ne3 Rxc3 11. bxc3 Qa5 12. Bd3 Qxc3+ 13. Kf1 Nxe4 14.
Bxe4 f5 15. Bd3 f4 16. Qe1 Qxe1+ 17. Rxe1 fxe3 18. Bxe3 Nc6 19. a4 d5 20. c3
Bd6 21. Rb1 Bc8 22. Rb5 Ne7 23. Bxa7 Bd7 24. Rxb7 Bxa4 25. Bb8 Bc6 26. Bb5 Kf7
27. Bxc6 Rxb8 28. Bxd5+ Kf6 29. Rxb8 Bxb8 30. Be4 h6 31. Ke2 Nc8 32. Rb1 Bd6
33. Rb7 Ba3 34. Rc7 Nd6 35. Kd3 Nf7 36. Kc4 Bd6 37. Rc6 Ke7 38. Kd5 1-0

[Event "DEM U18 2009"]
[Site "Willingen GER"]
[Date "2009.06.05"]
[Round "8"]
[White "Moshtael, Wesal"]
[Black "Falke, Isaak"]
[Result "0-1"]
[Termination "normal"]
[Board "9"]
[WhiteElo "2133"]
[BlackElo "1950"]
[PlyCount "152"]
[WhiteFideId "24618551"]
[BlackFideId "24614483"]
[EventCountry "GER"]
[EventRounds "9"]
[EventType "swiss"]
[EventDate "2009.05.30"]

1. d4 Nf6 2. Nf3 e6 3. g3 b5 4. Bg2 Bb7 5. O-O c5 6. a4 b4 7. Nbd2 Na6 8. Nc4
d6 9. Bf4 cxd4 10. Qxd4 d5 11. Nce5 Bc5 12. Qd3 O-O 13. Bg5 Be7 14. Nd4 Rc8 15.
Qb5 Qc7 16. Nd3 Ne8 17. Bf4 Nd6 18. Bxd6 Bxd6 19. Rac1 Nb8 20. Nb3 Ba6 21. Qa5
Qe7 22. c3 Rc4 23. Nxb4 Bc7 24. Nxd5 exd5 25. Qxd5 Be5 26. Rcd1 Rcc8 27. Qe4
Rfe8 28. Nd2 Qc7 29. Qf3 Nd7 30. Ne4 Bb7 31. Nf6+ Nxf6 32. Qxb7 Qxb7 33. Bxb7
Rb8 34. Bc6 Re6 35. Bb5 a6 36. Bc4 Reb6 37. b3 Kf8 38. Rd3 Rd6 39. Rfd1 Rbd8
40. Rxd6 Rxd6 41. Rxd6 Bxd6 42. Bxa6 Ne4 43. Bd3 Nxc3 44. Kg2 h6 45. f4 Ke7 46.
Kf3 Bc5 47. h3 Kd6 48. g4 f6 49. Bg6 Kd5 50. h4 Kd4 51. Bd3 Nd5 52. Bc4 Ne3 53.
Bf7 g5 54. hxg5 hxg5 55. Bg8 Bb4 56. Be6 Bd2 57. fxg5 fxg5 58. Kg3 Nd5 59. Kf3
Nf6 60. Bf7 Ne4 61. Bg6 Nc5 62. Bf7 Ba5 63. Bg8 Bc7 64. Bf7 Kc3 65. Bg8 Bd8 66.
Bf7 Nxb3 67. Bxb3 Kxb3 68. Ke4 Kxa4 69. Kd5 Kb4 70. e4 Kc3 71. e5 Kd3 72. Kd6
Ke4 73. e6 Kf4 74. Kd7 Bf6 75. Ke8 Kxg4 76. Kf7 Kf5 0-1

[Event "DEM U18 2009"]
[Site "Willingen GER"]
[Date "2009.06.05"]
[Round "8"]
[White "Kelbling, Philipp"]
[Black "Hirschberg, Valerian"]
[Result "1-0"]
[Termination "normal"]
[Board "10"]
[WhiteElo "2072"]
[BlackElo "2079"]
[PlyCount "151"]
[WhiteFideId "24669750"]
[BlackFideId "24628492"]
[EventCountry "GER"]
[EventRounds "9"]
[EventType "swiss"]
[EventDate "2009.05.30"]

1. d4 d5 2. c4 dxc4 3. Nf3 a6 4. e3 e6 5. Bxc4 Nf6 6. O-O c5 7. Bb3 cxd4 8.
exd4 Nc6 9. Nc3 Be7 10. Bg5 O-O 11. Qd2 h6 12. Bf4 Re8 13. Rad1 Bf8 14. a3 Ne7
15. Bc2 Ned5 16. Be5 Bd7 17. Qd3 g6 18. Bxf6 Nxf6 19. Ne5 Bg7 20. Qf3 Bc6 21.
Nxc6 bxc6 22. Ba4 Re7 23. Bxc6 Rb8 24. Rd2 Qd6 25. Rfd1 Rc7 26. Be4 a5 27. h3
Rb3 28. Qe2 Nxe4 29. Nxe4 Qd5 30. Rc2 Rxc2 31. Qxc2 Rb8 32. Rd2 f5 33. Qc7 Rb7
34. Qc8+ Kh7 35. Nc3 Qb3 36. Qc5 Qb6 37. Qc4 Rc7 38. Qa4 Qa6 39. d5 Rc4 40. Qd7
exd5 41. Rxd5 Qb6 42. Rd6 Qxb2 43. Qe6 Qc1+ 44. Nd1 Rc8 45. Qxg6+ Kh8 46. Rd7
Qa1 47. Qxf5 Re8 48. Qxa5 Re5 49. Qd2 Qb1 50. a4 Qf5 51. Ne3 Qb1+ 52. Kh2 Qe4
53. Ng4 Rh5 54. Rd8+ Kh7 55. Qd3 Qxd3 56. Rxd3 Ra5 57. Ra3 Kg6 58. Ra2 h5 59.
Ne3 h4 60. Nf1 Kf5 61. g3 Bh6 62. Kg2 Ke4 63. Nh2 Kd3 64. Nf3 hxg3 65. fxg3 Kc3
66. h4 Kb3 67. Re2 Rxa4 68. Kh3 Kc3 69. g4 Kd3 70. Re8 Be3 71. g5 Ke2 72. Ne5
Re4 73. g6 Bh6 74. Re7 Bf8 75. Rf7 Bh6 76. Ng4 1-0

[Event "DEM U18 2009"]
[Site "Willingen GER"]
[Date "2009.06.05"]
[Round "8"]
[White "Völsgen, Georg"]
[Black "Pogan, Nicolas"]
[Result "0-1"]
[Termination "normal"]
[Board "11"]
[WhiteElo "1923"]
[BlackElo "2050"]
[PlyCount "96"]
[WhiteFideId "24635901"]
[BlackFideId "24673579"]
[EventCountry "GER"]
[EventRounds "9"]
[EventType "swiss"]
[EventDate "2009.05.30"]

1. e4 c6 2. d4 d5 3. e5 Bf5 4. Nf3 e6 5. Be2 Nd7 6. O-O Ne7 7. Nh4 Bg6 8. c3
Nf5 9. Nxf5 Bxf5 10. g4 Be4 11. Nd2 Bg6 12. f4 h5 13. Qe1 hxg4 14. Bxg4 Bh5 15.
Qg3 g6 16. Nf3 Bxg4 17. Qxg4 Nb6 18. Ng5 Qd7 19. Qd1 Nc8 20. Qd3 Ne7 21. Bd2
Nf5 22. b4 Be7 23. a4 Kf8 24. Rf3 Kg7 25. a5 Rab8 26. Rh3 b6 27. Rxh8 Rxh8 28.
axb6 axb6 29. Qa6 Qc7 30. Nf3 c5 31. Rc1 Rb8 32. Kf2 Qd8 33. Qb5 Ra8 34. Rc2
Qc7 35. Rc1 c4 36. Rh1 Ra2 37. Ke2 Qd8 38. Rg1 Qh8 39. Qxb6 Qh5 40. b5 Rxd2+
41. Kxd2 Qxf3 42. Ra1 Qd3+ 43. Kc1 Qxc3+ 44. Kb1 Qb3+ 45. Kc1 Ba3+ 46. Rxa3
Qxa3+ 47. Kd1 Qd3+ 48. Ke1 Nxd4 0-1

[Event "DEM U18 2009"]
[Site "Willingen GER"]
[Date "2009.06.05"]
[Round "8"]
[White "Zahn, Benno"]
[Black "Dupont, Gabriel"]
[Result "1-0"]
[Termination "normal"]
[Board "12"]
[WhiteElo "1881"]
[BlackElo "1852"]
[PlyCount "61"]
[WhiteFideId "24636070"]
[BlackFideId "4634802"]
[EventCountry "GER"]
[EventRounds "9"]
[EventType "swiss"]
[EventDate "2009.05.30"]

1. e4 e5 2. Nf3 Nc6 3. Bc4 Bc5 4. O-O Nf6 5. d4 exd4 6. e5 d5 7. exf6 dxc4 8.
fxg7 Rg8 9. Re1+ Be6 10. Bg5 Be7 11. Bxe7 Qxe7 12. Nxd4 O-O-O 13. Nxc6 bxc6 14.
Qf3 Qd7 15. Nc3 Rxg7 16. Qe3 Kb8 17. Rad1 Bd5 18. g3 Rg6 19. Nxd5 cxd5 20. Qd4
Re6 21. b3 cxb3 22. axb3 c6 23. Qg7 h6 24. Re5 Rde8 25. Rde1 Kb7 26. f4 Rxe5
27. fxe5 Qe6 28. g4 c5 29. Kf2 d4 30. Qh7 Qxg4 31. Qxf7+ 1-0

[Event "DEM U18 2009"]
[Site "Willingen GER"]
[Date "2009.06.05"]
[Round "8"]
[White "Mory, Martin"]
[Black "Tkachuk, Konstantyn"]
[Result "0-1"]
[Termination "normal"]
[Board "13"]
[WhiteElo "1794"]
[BlackElo "2214"]
[PlyCount "88"]
[WhiteFideId "1271001"]
[BlackFideId "24647330"]
[EventCountry "GER"]
[EventRounds "9"]
[EventType "swiss"]
[EventDate "2009.05.30"]

1. e4 c5 2. Nf3 d6 3. d4 cxd4 4. Nxd4 Nf6 5. Nc3 g6 6. Be3 Bg7 7. f3 O-O 8. Qd2
Nc6 9. O-O-O d5 10. exd5 Nxd5 11. Nxc6 bxc6 12. Bd4 e5 13. Bc5 Be6 14. Ne4 Rb8
15. Bc4 f5 16. Ng3 Rf7 17. Bb3 Rd7 18. Rhe1 Kh8 19. Ne2 Rb5 20. Ba3 Rbb7 21.
Nd4 Nf4 22. Nxe6 Nxe6 23. Qe2 Nd4 24. Qf1 Nxb3+ 25. axb3 Rd5 26. c4 Bh6+ 27.
Kb1 Rxd1+ 28. Rxd1 Rd7 29. Rxd7 Qxd7 30. Bb4 e4 31. fxe4 fxe4 32. Bc3+ Kg8 33.
Qf6 Bg7 34. Qxg7+ Qxg7 35. Bxg7 Kxg7 36. Kc2 c5 37. Kd2 Kf6 38. Ke3 Ke5 39. g3
a5 40. h3 h5 41. g4 hxg4 42. hxg4 g5 43. b4 cxb4 44. c5 a4 0-1

[Event "DEM U18 2009"]
[Site "Willingen GER"]
[Date "2009.06.05"]
[Round "8"]
[White "Meißner, Felix"]
[Black "Häusler, Felix"]
[Result "1-0"]
[Termination "normal"]
[Board "14"]
[WhiteElo "2131"]
[BlackElo "1990"]
[PlyCount "95"]
[WhiteFideId "24671827"]
[BlackFideId "24631337"]
[EventCountry "GER"]
[EventRounds "9"]
[EventType "swiss"]
[EventDate "2009.05.30"]

1. d4 Nf6 2. c4 g6 3. Nc3 Bg7 4. g3 d6 5. Bg2 O-O 6. Nf3 c6 7. O-O Qc7 8. e4 e5
9. h3 Nbd7 10. Re1 Re8 11. Be3 b6 12. Rc1 Bb7 13. Qc2 Nf8 14. dxe5 dxe5 15. c5
b5 16. Rcd1 Rad8 17. b4 Bc8 18. Rxd8 Rxd8 19. Rd1 Rxd1+ 20. Qxd1 Be6 21. Qd2
Ne8 22. Bh6 f6 23. Bxg7 Kxg7 24. Ne1 a5 25. a3 a4 26. Kh2 Bc4 27. Nc2 Ne6 28.
Ne3 Bb3 29. Ne2 Nf4 30. gxf4 exf4 31. Nf5+ gxf5 32. Qxf4 fxe4 33. Bxe4 Qd7 34.
Qg4+ Qxg4 35. hxg4 Bd5 36. Bxd5 cxd5 37. Nd4 Nc7 38. Kg3 Kf7 39. Kh4 Kg6 40. f4
Kf7 41. f5 Ke8 42. Kh5 Kf7 43. Kh6 Kg8 44. c6 Kf7 45. Kxh7 Ke7 46. Kg6 Ne8 47.
Nxb5 Nd6 48. c7 1-0

[Event "DEM U18 2009"]
[Site "Willingen GER"]
[Date "2009.06.06"]
[Round "9"]
[White "Jorczik, Julian"]
[Black "Strunski, Andreas"]
[Result "1/2-1/2"]
[Termination "normal"]
[Board "1"]
[WhiteTitle "FM"]
[WhiteElo "2354"]
[BlackElo "2329"]
[PlyCount "66"]
[WhiteFideId "24611719"]
[BlackFideId "24606073"]
[EventCountry "GER"]
[EventRounds "9"]
[EventType "swiss"]
[EventDate "2009.05.30"]

1. d4 d5 2. c4 c6 3. e3 Nf6 4. Nc3 g6 5. cxd5 cxd5 6. Nf3 a6 7. Be2 Bg7 8. O-O
O-O 9. Bd2 Nc6 10. Rc1 Re8 11. Ne5 Nxe5 12. dxe5 Ne4 13. Nxe4 dxe4 14. Bc3 Qxd1
15. Rfxd1 Be6 16. a4 Rac8 17. a5 Rc5 18. b4 Rc7 19. Bd4 Rec8 20. Rxc7 Rxc7 21.
f4 Rc2 22. Bc5 f6 23. Rd8+ Kf7 24. Bd1 Rb2 25. Ba4 Rb1+ 26. Kf2 fxe5 27. Be8+
Kf6 28. fxe5+ Kf5 29. Bd7 Rb2+ 30. Kf1 Rb1+ 31. Kf2 Rb2+ 32. Kf1 Rb1+ 33. Kf2
Rb2+ 1/2-1/2

[Event "DEM U18 2009"]
[Site "Willingen GER"]
[Date "2009.06.06"]
[Round "9"]
[White "Poetsch, Hagen"]
[Black "Huschenbeth, Niclas"]
[Result "1/2-1/2"]
[Termination "normal"]
[Board "2"]
[BlackTitle "IM"]
[WhiteElo "2281"]
[BlackElo "2425"]
[PlyCount "232"]
[WhiteFideId "24615137"]
[BlackFideId "24604747"]
[EventCountry "GER"]
[EventRounds "9"]
[EventType "swiss"]
[EventDate "2009.05.30"]

1. e4 e5 2. Nf3 Nc6 3. Bc4 Bc5 4. O-O d6 5. h3 Nf6 6. Re1 O-O 7. c3 Nxe4 8. d4
exd4 9. cxd4 Bb6 10. Rxe4 d5 11. Bxd5 Qxd5 12. Nc3 Qd8 13. d5 Bf5 14. Rf4 Ne7
15. Be3 Bg6 16. Qb3 Nf5 17. Bxb6 axb6 18. Re1 Nd6 19. Rd4 Qf6 20. Rd2 Bh5 21.
Re3 Rfe8 22. Rde2 Rxe3 23. Rxe3 Nf5 24. Rd3 Nd6 25. Re3 h6 26. Qb4 Nf5 27. Rd3
Re8 28. Qf4 Bg6 29. Rd2 Qd6 30. Qa4 Qd8 31. Qf4 Nd6 32. Kh2 Qd7 33. Ne5 Qf5 34.
Nxg6 fxg6 35. Qg3 g5 36. f3 h5 37. h4 gxh4 38. Qxh4 g5 39. Qd4 Qe5+ 40. Qxe5
Rxe5 41. Ne4 Kf7 42. Nxd6+ cxd6 43. Rd4 b5 44. Kg3 Rf5 45. Kf2 Rf4 46. Rd3 Rc4
47. Ke3 Kf6 48. Rb3 b4 49. g3 Ke5 50. Rd3 Rc5 51. Rd2 Rc4 52. Rd3 h4 53. Rd2
Rc7 54. gxh4 gxh4 55. f4+ Kf5 56. Rh2 Rh7 57. Kf3 h3 58. Kg3 Ke4 59. Re2+ Kxd5
60. Kh2 Rh6 61. f5 Rf6 62. Kxh3 Rxf5 63. Kg4 Rf7 64. Rd2+ Kc5 65. Rc2+ Kb5 66.
Rd2 Rf6 67. Kg5 Re6 68. Kf5 Re5+ 69. Kf4 Kc6 70. Rc2+ Rc5 71. Rd2 Rc4+ 72. Ke3
d5 73. Kd3 Kc5 74. Rh2 Rg4 75. Rc2+ Rc4 76. Rh2 Rd4+ 77. Ke3 Rg4 78. Rc2+ Rc4
79. Rh2 Rc1 80. Kd3 Rd1+ 81. Kc2 Rg1 82. Kb3 Rg3+ 83. Kc2 Kd4 84. Rh4+ Kc5 85.
Rf4 Rg2+ 86. Kb3 Rg3+ 87. Kc2 Re3 88. Rh4 Re4 89. Rh7 Re2+ 90. Kb3 b6 91. Rh4
Re4 92. Rh3 Re5 93. Rh4 Re3+ 94. Kc2 Re4 95. Rh8 Re2+ 96. Kb3 Re3+ 97. Kc2 Kd4
98. Rb8 b3+ 99. axb3 Re2+ 100. Kd1 Kd3 101. Rxb6 Rh2 102. Ke1 d4 103. Rg6 Rh1+
104. Kf2 Kd2 105. b4 Rh5 106. Kf3 d3 107. Rg2+ Kc1 108. Ke3 d2 109. Rxd2 Rh3+
110. Kd4 Kxd2 111. b5 Rh5 112. Kc4 Ke3 113. b6 Ke4 114. b7 Rh8 115. Kc5 Ke5
116. Kc6 Kd4 1/2-1/2

[Event "DEM U18 2009"]
[Site "Willingen GER"]
[Date "2009.06.06"]
[Round "9"]
[White "Seyb, Alexander"]
[Black "Savchenko, Aleksij"]
[Result "1-0"]
[Termination "normal"]
[Board "3"]
[WhiteElo "2271"]
[BlackElo "2239"]
[PlyCount "83"]
[WhiteFideId "4699033"]
[BlackFideId "24611727"]
[EventCountry "GER"]
[EventRounds "9"]
[EventType "swiss"]
[EventDate "2009.05.30"]

1. e4 c5 2. Nf3 d6 3. d4 cxd4 4. Nxd4 Nf6 5. Nc3 a6 6. Be3 e6 7. f3 b5 8. g4
Nfd7 9. Qd2 Nb6 10. O-O-O N8d7 11. Qf2 Bb7 12. Bd3 Rc8 13. Nce2 Nc4 14. Bxc4
Rxc4 15. Kb1 Be7 16. h4 Qa5 17. g5 O-O 18. h5 Rfc8 19. Rc1 d5 20. g6 h6 21.
gxf7+ Kxf7 22. Qg3 Bf6 23. Nf4 Rxd4 24. Bxd4 Bxd4 25. Qg6+ Ke7 26. Qxe6+ Kd8
27. Rhd1 Bxb2 28. Nxd5 Ba3 29. Rd3 Rc6 30. Qg8+ Bf8 31. Rcd1 Rd6 32. c3 Bxd5
33. Rxd5 Qxc3 34. Rxd6 Qb4+ 35. Ka1 Qc3+ 36. Kb1 Qb4+ 37. Kc2 Qc5+ 38. Kb3 Kc8
39. Rxd7 Qb4+ 40. Kc2 Qc5+ 41. Kb1 Qb4+ 42. Qb3 1-0